| 000 | 00981nam a2200253 a 4500 | ||
|---|---|---|---|
| 005 | 20260112063300.0 | ||
| 039 |
_a202110131251 _bstaff _c201212120337 _d staff _c201008180500 _d staff _y 201008180459 _z staff |
||
| 082 |
_a658.452 _bWEI [ Shelf 62 ] |
||
| 100 | _aWeissman, Jerry. | ||
| 245 |
_aIn the line of fire : _bhow to handle tough questions when it counts / _cJerry Weissman. |
||
| 246 | 3 | 0 | _aHow to handle tough questions when it counts |
| 260 |
_aUpper Saddle River, NJ : _bPearson Prentice Hall, _cc2005. |
||
| 300 |
_axxii, 185 p. : _bill. ; _c24 cm. |
||
| 504 | _aIncludes bibliographical references (p. 169-173) and index. | ||
| 650 | _aBusiness presentations. | ||
| 650 | _aQuestioning. | ||
| 650 | _aDebates and debating. | ||
| 650 | _aPublic speaking. | ||
| 650 | _aSelf presentation. | ||
| 650 | _aVerbal self-defense. | ||
| 991 | _aVIRTUA40 | ||
| 991 | _aVTLSSORT0080*0820*1000*2450*2460*2600*3000*5040*6500*6501*6502*6503*6504*6505*9992 | ||
| 909 | _a3519 | ||
| 999 |
_c3114 _d3114 |
||